000 00312nam a22001217a 4500
005 20200622124717.0
008 200620b xxu||||| |||| 00| 0 eng d
082 _a345.5412 ICC-S
245 _aEASTERN - INDIA CRIMINAL CASES - 2019 [VOL-2] SUPREME COURT
300 _a824;p
650 _aLAW
_95701
942 _cJRL
999 _c7356
_d7354